01169 a2200193 45000010006000000050017000060080041000230030015000640400040000790800072001192450068001912500012002592640039002713000019003105050597003290410008009261000017009347000024009514601020260407155733.0260407a1976 arg spa dAR-UNSa-BCEJYS aAR-UNSa-BCEJYSbspacAR-UNSa-BCEJYS a001.891xInvestigación científica. Métodos de investigación10aLa investigación científicapsu estrategia y su filosofía a5a. ed. 1aBarcelona :bEdiciones Arielc1976 a955 p.c22 cm. aParte I: Planteamiento e instrumentos: 1. El planteamiento científico – 2. Concepto – 3. Dilucidación - - Parte II: Las ideas científicas: 4. Problema – 5. Hipótesis – 6. Ley – 7. Teoría: estática – 8. Teoría: dinámica - - Parte III: La aplicación de las ideas científicas: de la explicación a la acción: 9. Explicación – 10. Predicción – 11. Acción - - Parte IV : La contrastación de las ideas científicas : de la observación a la inferencia : 12. Observación – 13. Medición – 14. Experimento – 15. La inferencia científica.  aspa1 aBunge, Mario1 aSacristán, Manuel